Explaining Corporate Credit Default Rates with Sector Level Detail

Modelovanie miery zlyhania podnikateľských úverov v štyroch hlavných ekonomických odvetviach pomocou kvázi panelových metód. Nvrhnutie použitia techník, ktoré umožňujú dlhodobé aj krátkodobé komponenty, pri zachovaní flexibilného jednotného rámca na zachytenie heterogenity naprieč hospodárskymi odve...

Description complète

Enregistré dans:
Détails bibliographiques
Auteur principal: Gertler, Ľubomíra, 1977-
Autres auteurs: Jančovičová Bognárová, Kristína, 1979-, Majer, Lukáš, 1987-
Format: Chapitre de livre
Langue:anglais
Sujets:
Tags: Ajouter un tag
Pas de tags, Soyez le premier à ajouter un tag!

MARC

LEADER 00000naa a2200000 4500
001 0268121
005 20260323075655.8
041 0 |a eng 
044 |a CZ 
245 1 0 |a Explaining Corporate Credit Default Rates with Sector Level Detail  |c Ľubomíra Gertler, Kristína Jančovičová Bognárová, Lukáš Majer 
520 |a Modelovanie miery zlyhania podnikateľských úverov v štyroch hlavných ekonomických odvetviach pomocou kvázi panelových metód. Nvrhnutie použitia techník, ktoré umožňujú dlhodobé aj krátkodobé komponenty, pri zachovaní flexibilného jednotného rámca na zachytenie heterogenity naprieč hospodárskymi odvetviami. 
610 2 0 |a bankovníctvo 
610 2 0 |a riziko úverové 
610 2 0 |a podnik 
610 2 0 |a úver 
100 1 |a Gertler, Ľubomíra, 1977- 
700 1 |a Jančovičová Bognárová, Kristína, 1979- 
700 1 |a Majer, Lukáš, 1987-